000 00821nam a22002177a 4500
003 UA-OsUOA
001 131158
007 ta
008 20180523b un ||||| |||| 00| 0 ukr d
090 _a262.12(477)
_bП20
942 _cBK
040 _aUA-OsUOA
_bukr
_cUA-OsUOA
_dUA-OsUOA
245 _aПатріот, учений, Ієрарх
_bпієтизм Блаженнішого Архиєпископа і Митрополита Кардинала Йосифа у відношенні до о. М. Шашкевича
_cза ред. М. Г. Марунчак
300 _a36 с.
955 _a1
041 _aukr
080 _a262.12(477)
260 _aВінніпег
_bБібліотека Шашкевичіяни
_c1968
650 7 _a26 Християнська Церква загалом
_2UDC
999 _c419400
_d419400